00579nam a2200169 a 450000100100000000500170001000800410002702000150006804000250008308200140010824500540012226000360017630000340021270000340024695201120028099900170039200003638920200930075714.0120116s1984 xxuad 000 0 spa d a0890049238 aDO-SdBNPbspacBNPHU axxxbF98100aFundamental immunology /ceditor William E. Paul. aNew York :bRaven Press,c1984. a809 p. :bil., retr. ;c1984.1 aPaul, William E.,eed.962586 001050718MOaGRbGRcCTd2012-01-16iLF1l0oxxx F981p36390-10r2020-06-25w2020-06-25y1ZNo se presta c35880d35880